000 01063nam a22003137i 4500
003 EG-GICUC
005 20260121101435.0
008 251206s1998 us ||||fr|||| 001 0 eng d
020 _a9041110682
040 _aEG-GiCUC
_beng
_cEG-GiCUC
_dEG-GiCUC
_erda
041 _aeng
082 0 4 _221
_a341.23
_bBR . R
092 0 4 _221
099 _aLaw1 11 341.23 BR . R 1998
100 1 _aBrownlie, Ian
_eAuthor.
245 1 4 _aThe rule of law in international affairs :
_binternational law at the fiftieth anniversary of the United Nations /
_cby Ian Brownlie
264 1 _aBoston :
_bM. Nijhoff Publishers ;
_c1998.
300 _axix, 242 pages ;
_c24 cm
336 _2rda content
_atext
337 _2rda media
_aComputer
338 _2rda carrier
_aOnline Resource
504 _aIncludes bibliographical references and index
546 _aText in English
650 1 4 _aUnited Nations
_xPublic international law
_2qrmak
651 1 _2qrmak
856 4 0 _uhttps://fll.law.cu.edu.eg/fulltext/bks/B11-05075.pdf
905 _a75
_eHassnaa
942 _2ddc
_cBK
_e21
_n0
999 _c48687
_d48687